{"text_format":"3","workbook":"xlsx","n_sheets":1,"sheets":["t411"],"read":"whole","date_system":"1900"}

{"sheet":"t411","index":0,"n_rows":188,"n_cols":7,"rows_kept":188,"merged":[[0,0,0,6],[30,0,30,5],[48,0,48,5],[153,0,153,5]]}
["TABELA 411.1 - Estatísticas Agrícolas, Município de Pedregulho, Estado de São Paulo, 2007/08."]
["ITEM","UNIDADE","N.DE UPAs","MÍNIMO","MÉDIO","MÁXIMO","TOTAL"]
["Distância à sede do município","km",724,0.1,19.5,{"v":43,"d":"43.0"},"-"]
["Área total","hectare",724,1.4,{"v":99.47,"d":"99.5"},{"v":2294.1,"d":"2,294.1"},{"v":72017.3,"d":"72,017.3"}]
["Área com cultura perene","hectare",349,0.2,{"v":31.53,"d":"31.5"},{"v":1179,"d":"1,179.0"},{"v":11004.7,"d":"11,004.7"}]
["Área com cultura temporária","hectare",252,0.2,{"v":32.84,"d":"32.8"},{"v":1500,"d":"1,500.0"},{"v":8275.3,"d":"8,275.3"}]
["Área com pastagem","hectare",674,0.4,{"v":57.56,"d":"57.6"},{"v":1130.5,"d":"1,130.5"},{"v":38797.1,"d":"38,797.1"}]
["Área com reflorestamento","hectare",74,0.1,{"v":6.67,"d":"6.7"},75.1,493.9]
["Área com vegetação natural","hectare",595,0.2,{"v":18.68,"d":"18.7"},{"v":1164.1,"d":"1,164.1"},{"v":11112.4,"d":"11,112.4"}]
["Área com vegetação de brejo e várzea","hectare",20,0.4,{"v":4.35,"d":"4.4"},{"v":20,"d":"20.0"},{"v":87,"d":"87.0"}]
["Área em descanso","hectare",18,0.3,{"v":22.99,"d":"23.0"},204.8,413.8]
["Área complementar","hectare",658,0.1,{"v":2.79,"d":"2.8"},53.2,{"v":1833.1,"d":"1,833.1"}]
["Área das UPAs com (0, 1] ha","hectare","-","-","-","-","-"]
["Área das UPAs com (1, 2] ha","hectare",2,1.4,1.7,{"v":2,"d":"2.0"},3.4]
["Área das UPAs com (2, 5] ha","hectare",31,2.4,{"v":3.68,"d":"3.7"},{"v":5,"d":"5.0"},{"v":114,"d":"114.0"}]
["Área das UPAs com (5, 10] ha","hectare",38,5.5,{"v":7.71,"d":"7.7"},{"v":10,"d":"10.0"},293.1]
["Área das UPAs com (10, 20] ha","hectare",124,10.1,{"v":14.79,"d":"14.8"},{"v":20,"d":"20.0"},{"v":1833.8,"d":"1,833.8"}]
["Área das UPAs com (20, 50] ha","hectare",179,20.1,{"v":32.99,"d":"33.0"},{"v":50,"d":"50.0"},{"v":5904.8,"d":"5,904.8"}]
["Área das UPAs com (50, 100] ha","hectare",160,50.2,{"v":71.16,"d":"71.2"},99.2,{"v":11384.9,"d":"11,384.9"}]
["Área das UPAs com (100, 200] ha","hectare",114,100.1,{"v":143.54,"d":"143.5"},{"v":200,"d":"200.0"},{"v":16363.8,"d":"16,363.8"}]
["Área das UPAs com (200, 500] ha","hectare",55,201.6,{"v":300.85,"d":"300.9"},421.6,{"v":16546.7,"d":"16,546.7"}]
["Área das UPAs com (500, 1.000] ha","hectare",16,{"v":513,"d":"513.0"},{"v":659.67,"d":"659.7"},984.9,{"v":10554.7,"d":"10,554.7"}]
["Área das UPAs com (1.000, 2.000] ha","hectare",3,{"v":1162.9,"d":"1,162.9"},{"v":1551.63,"d":"1,551.6"},{"v":1998.9,"d":"1,998.9"},{"v":4654.9,"d":"4,654.9"}]
["Área das UPAs com (2.000, 5.000] ha","hectare",2,{"v":2069.1,"d":"2,069.1"},{"v":2181.6,"d":"2,181.6"},{"v":2294.1,"d":"2,294.1"},{"v":4363.2,"d":"4,363.2"}]
["Área das UPAs com (5.000, 10.000] ha","hectare","-","-","-","-","-"]
["Área das UPAs acima de 10.000 ha","hectare","-","-","-","-","-"]
["Familiares do proprietário que trabalham na UPA","unidade",398,{"v":1,"d":"1.0"},{"v":1.44,"d":"1.4"},{"v":6,"d":"6.0"},{"v":572,"d":"572.0"}]
["Trabalhadores permanentes","unidade",357,{"v":1,"d":"1.0"},{"v":3.18,"d":"3.2"},{"v":69,"d":"69.0"},{"v":1134,"d":"1,134.0"}]
["Fonte: Secretaria de Agricultura e Abastecimento, CDRS/IEA, Projeto LUPA."]
[]
["TABELA 411.2 - Explorações Animais, Município de Pedregulho, Estado de São Paulo, 2007/08."]
["ITEM","UNIDADE","N.DE UPAs","MÍNIMO","MÉDIO","MÁXIMO","TOTAL"]
["Asininos E Muares","cabeças",25,{"v":1,"d":"1.0"},{"v":1.88,"d":"1.9"},{"v":10,"d":"10.0"},{"v":47,"d":"47.0"}]
["Avicultura de Corte","cabeças/ano",9,{"v":15,"d":"15.0"},{"v":5266.11,"d":"5,266.1"},{"v":27000,"d":"27,000.0"},{"v":47395,"d":"47,395.0"}]
["Avicultura Ornamental/Decorativa/Exótica","cabeças",263,{"v":1,"d":"1.0"},{"v":46.17,"d":"46.2"},{"v":300,"d":"300.0"},{"v":12143,"d":"12,143.0"}]
["Avicultura para Ovos","cabeças",24,{"v":16,"d":"16.0"},{"v":471.71,"d":"471.7"},{"v":10000,"d":"10,000.0"},{"v":11321,"d":"11,321.0"}]
["Bovinocultura de Corte","cabeças",181,{"v":2,"d":"2.0"},113.3,{"v":1656,"d":"1,656.0"},{"v":20508,"d":"20,508.0"}]
["Bovinocultura Leiteira","cabeças",119,{"v":1,"d":"1.0"},{"v":44.13,"d":"44.1"},{"v":579,"d":"579.0"},{"v":5252,"d":"5,252.0"}]
["Bovinocultura Mista","cabeças",179,{"v":1,"d":"1.0"},{"v":46.32,"d":"46.3"},{"v":500,"d":"500.0"},{"v":8292,"d":"8,292.0"}]
["Bubalinocultura","cabeças",3,{"v":10,"d":"10.0"},{"v":51.67,"d":"51.7"},{"v":130,"d":"130.0"},{"v":155,"d":"155.0"}]
["Caprinocultura","cabeças",9,{"v":4,"d":"4.0"},{"v":41.78,"d":"41.8"},{"v":180,"d":"180.0"},{"v":376,"d":"376.0"}]
["Equinocultura","cabeças",359,{"v":1,"d":"1.0"},{"v":3.89,"d":"3.9"},{"v":116,"d":"116.0"},{"v":1398,"d":"1,398.0"}]
["Minhocultura","canteiros",1,{"v":24,"d":"24.0"},{"v":24,"d":"24.0"},{"v":24,"d":"24.0"},{"v":24,"d":"24.0"}]
["Ovinocultura","cabeças",8,{"v":10,"d":"10.0"},66.5,{"v":200,"d":"200.0"},{"v":532,"d":"532.0"}]
["Piscicultura","m² tanques",4,{"v":100,"d":"100.0"},{"v":475,"d":"475.0"},{"v":1000,"d":"1,000.0"},{"v":1900,"d":"1,900.0"}]
["Suinocultura","cabeças",184,{"v":1,"d":"1.0"},{"v":8.49,"d":"8.5"},{"v":110,"d":"110.0"},{"v":1562,"d":"1,562.0"}]
["Fonte: Secretaria de Agricultura e Abastecimento, CDRS/IEA, Projeto LUPA."]
[]
["TABELA 411.3 -  Máquinas, Implementos e Benfeitorias, Município de Pedregulho, Estado de São Paulo, 2007/08."]
["ITEM","UNIDADE","N.DE UPAs","MÍNIMO","MÉDIO","MÁXIMO","TOTAL"]
["Arado Comum (Bacia, Aiveca)","Unidade",53,{"v":1,"d":"1.0"},{"v":1.08,"d":"1.1"},{"v":2,"d":"2.0"},{"v":57,"d":"57.0"}]
["Arado Escarificador","Unidade",147,{"v":1,"d":"1.0"},{"v":1.28,"d":"1.3"},{"v":10,"d":"10.0"},{"v":188,"d":"188.0"}]
["Arado Subsolador","Unidade",43,{"v":1,"d":"1.0"},{"v":1.07,"d":"1.1"},{"v":2,"d":"2.0"},{"v":46,"d":"46.0"}]
["Batedeira de Cereais","Unidade",6,{"v":1,"d":"1.0"},{"v":1.17,"d":"1.2"},{"v":2,"d":"2.0"},{"v":7,"d":"7.0"}]
["Câmara Fria","Unidade",1,{"v":1,"d":"1.0"},{"v":1,"d":"1.0"},{"v":1,"d":"1.0"},{"v":1,"d":"1.0"}]
["Colhedeira Acoplada","Unidade",16,{"v":1,"d":"1.0"},{"v":1.13,"d":"1.1"},{"v":3,"d":"3.0"},{"v":18,"d":"18.0"}]
["Colhedeira Automotriz","Unidade",13,{"v":1,"d":"1.0"},{"v":1.15,"d":"1.2"},{"v":2,"d":"2.0"},{"v":15,"d":"15.0"}]
["Conj.Irrigação Autopropelido","Unidade",1,{"v":1,"d":"1.0"},{"v":1,"d":"1.0"},{"v":1,"d":"1.0"},{"v":1,"d":"1.0"}]
["Conj.Irrigação Convencional","Unidade",15,{"v":1,"d":"1.0"},{"v":1.87,"d":"1.9"},{"v":10,"d":"10.0"},{"v":28,"d":"28.0"}]
["Conj.Irrigação Pivot Central","Unidade",2,{"v":1,"d":"1.0"},{"v":1,"d":"1.0"},{"v":1,"d":"1.0"},{"v":2,"d":"2.0"}]
["Conj.Irrigação/Gotejamento/Microaspersão","Unidade",3,{"v":1,"d":"1.0"},{"v":1,"d":"1.0"},{"v":1,"d":"1.0"},{"v":3,"d":"3.0"}]
["Desintegrador de Palha (Plantio Direto)","Unidade",4,{"v":1,"d":"1.0"},{"v":1,"d":"1.0"},{"v":1,"d":"1.0"},{"v":4,"d":"4.0"}]
["Desintegrador, Picador, Triturador","Unidade",321,{"v":1,"d":"1.0"},{"v":1.24,"d":"1.2"},{"v":5,"d":"5.0"},{"v":397,"d":"397.0"}]
["Distribuidor de Calcário","Unidade",47,{"v":1,"d":"1.0"},{"v":1.13,"d":"1.1"},{"v":3,"d":"3.0"},{"v":53,"d":"53.0"}]
["Ensiladeira","Unidade",63,{"v":1,"d":"1.0"},{"v":1.21,"d":"1.2"},{"v":3,"d":"3.0"},{"v":76,"d":"76.0"}]
["Grade Aradora (Tipo Romi)","Unidade",45,{"v":1,"d":"1.0"},{"v":1.16,"d":"1.2"},{"v":4,"d":"4.0"},{"v":52,"d":"52.0"}]
["Grade Niveladora","Unidade",82,{"v":1,"d":"1.0"},{"v":1.09,"d":"1.1"},{"v":4,"d":"4.0"},{"v":89,"d":"89.0"}]
["Implementos para Tração Animal","Unidade",16,{"v":1,"d":"1.0"},{"v":1.19,"d":"1.2"},{"v":2,"d":"2.0"},{"v":19,"d":"19.0"}]
["Máquina de Classificar Frutas","Unidade",1,{"v":1,"d":"1.0"},{"v":1,"d":"1.0"},{"v":1,"d":"1.0"},{"v":1,"d":"1.0"}]
["Microtrator","Unidade",4,{"v":1,"d":"1.0"},{"v":1.25,"d":"1.3"},{"v":2,"d":"2.0"},{"v":5,"d":"5.0"}]
["Misturador de Ração","Unidade",11,{"v":1,"d":"1.0"},{"v":1,"d":"1.0"},{"v":1,"d":"1.0"},{"v":11,"d":"11.0"}]
["Ordenhadeira Mecânica","Unidade",32,{"v":1,"d":"1.0"},{"v":1.13,"d":"1.1"},{"v":2,"d":"2.0"},{"v":36,"d":"36.0"}]
["Pulverizador Tratorizado","Unidade",183,{"v":1,"d":"1.0"},1.7,{"v":8,"d":"8.0"},{"v":312,"d":"312.0"}]
["Resfriador de Leite, Tanque Expansão","Unidade",42,{"v":1,"d":"1.0"},{"v":1.19,"d":"1.2"},{"v":3,"d":"3.0"},{"v":50,"d":"50.0"}]
["Semeadeira/Adubadeira para Plantio Convencional","Unidade",46,{"v":1,"d":"1.0"},{"v":1.43,"d":"1.4"},{"v":12,"d":"12.0"},{"v":66,"d":"66.0"}]
["Semeadeira/Plantadeira Plantio Direto","Unidade",67,{"v":1,"d":"1.0"},{"v":1.09,"d":"1.1"},{"v":3,"d":"3.0"},{"v":73,"d":"73.0"}]
["Terraceador","Unidade",5,{"v":1,"d":"1.0"},1.4,{"v":3,"d":"3.0"},{"v":7,"d":"7.0"}]
["Trator de Esteiras","Unidade",3,{"v":1,"d":"1.0"},{"v":1,"d":"1.0"},{"v":1,"d":"1.0"},{"v":3,"d":"3.0"}]
["Trator de Pneus","Unidade",345,{"v":1,"d":"1.0"},{"v":2.17,"d":"2.2"},{"v":31,"d":"31.0"},{"v":748,"d":"748.0"}]
["Açude/Represa","Unidade",200,{"v":1,"d":"1.0"},{"v":2.09,"d":"2.1"},{"v":10,"d":"10.0"},{"v":417,"d":"417.0"}]
["Almoxarifado/Oficina","Unidade",73,{"v":1,"d":"1.0"},{"v":1.05,"d":"1.1"},{"v":2,"d":"2.0"},{"v":77,"d":"77.0"}]
["Armazém para Grãos Ensacados","Sacas",66,{"v":1,"d":"1.0"},{"v":2698.8,"d":"2,698.8"},{"v":60000,"d":"60,000.0"},{"v":178121,"d":"178,121.0"}]
["Balança para Bovinos","Unidade",20,{"v":1,"d":"1.0"},{"v":1,"d":"1.0"},{"v":1,"d":"1.0"},{"v":20,"d":"20.0"}]
["Balança para Veículos","Unidade",3,{"v":1,"d":"1.0"},{"v":1.33,"d":"1.3"},{"v":2,"d":"2.0"},{"v":4,"d":"4.0"}]
["Barracão para Granja/Avicultura","Unidade",8,{"v":1,"d":"1.0"},{"v":3,"d":"3.0"},{"v":9,"d":"9.0"},{"v":24,"d":"24.0"}]
["Barracão/Galpão/Garagem","Unidade",330,{"v":1,"d":"1.0"},{"v":1.17,"d":"1.2"},{"v":8,"d":"8.0"},{"v":385,"d":"385.0"}]
["Casa de Moradia Habitada","Unidade",517,{"v":1,"d":"1.0"},{"v":1.87,"d":"1.9"},{"v":17,"d":"17.0"},{"v":967,"d":"967.0"}]
["Casa de Moradia Total","Unidade",605,{"v":1,"d":"1.0"},{"v":2.27,"d":"2.3"},{"v":20,"d":"20.0"},{"v":1371,"d":"1,371.0"}]
["Curral/Mangueira","Unidade",451,{"v":1,"d":"1.0"},{"v":1.18,"d":"1.2"},{"v":6,"d":"6.0"},{"v":532,"d":"532.0"}]
["Depósito/Tulha","Unidade",311,{"v":1,"d":"1.0"},{"v":1.14,"d":"1.1"},{"v":8,"d":"8.0"},{"v":354,"d":"354.0"}]
["Estábulo","Unidade",43,{"v":1,"d":"1.0"},{"v":1.19,"d":"1.2"},{"v":4,"d":"4.0"},{"v":51,"d":"51.0"}]
["Estufa/Plasticultura","m²",2,{"v":160,"d":"160.0"},{"v":980,"d":"980.0"},{"v":1800,"d":"1,800.0"},{"v":1960,"d":"1,960.0"}]
["Fábrica de Ração","Unidade",3,{"v":1,"d":"1.0"},{"v":1,"d":"1.0"},{"v":1,"d":"1.0"},{"v":3,"d":"3.0"}]
["Instalações para Equinos","Unidade",10,{"v":1,"d":"1.0"},{"v":2,"d":"2.0"},{"v":4,"d":"4.0"},{"v":20,"d":"20.0"}]
["Máquina de Benefício","Unidade",78,{"v":1,"d":"1.0"},{"v":1.12,"d":"1.1"},{"v":3,"d":"3.0"},{"v":87,"d":"87.0"}]
["Pocilga","Unidade",173,{"v":1,"d":"1.0"},{"v":1.41,"d":"1.4"},{"v":8,"d":"8.0"},{"v":244,"d":"244.0"}]
["Poço Semi-Artesiano","Unidade",30,{"v":1,"d":"1.0"},{"v":1.07,"d":"1.1"},{"v":2,"d":"2.0"},{"v":32,"d":"32.0"}]
["Posto Meteorológico","Unidade",1,{"v":1,"d":"1.0"},{"v":1,"d":"1.0"},{"v":1,"d":"1.0"},{"v":1,"d":"1.0"}]
["Secador de Grãos","Unidade",71,{"v":1,"d":"1.0"},{"v":1.76,"d":"1.8"},{"v":8,"d":"8.0"},{"v":125,"d":"125.0"}]
["Silo para Grãos","t",10,{"v":1,"d":"1.0"},281.7,{"v":2200,"d":"2,200.0"},{"v":2817,"d":"2,817.0"}]
["Silo para Silagem","t",51,{"v":1,"d":"1.0"},{"v":177.71,"d":"177.7"},{"v":600,"d":"600.0"},{"v":9063,"d":"9,063.0"}]
["Terreiro","m²",238,{"v":1,"d":"1.0"},{"v":1427.76,"d":"1,427.8"},{"v":12000,"d":"12,000.0"},{"v":339806,"d":"339,806.0"}]
["Fonte: Secretaria de Agricultura e Abastecimento, CDRS/IEA, Projeto LUPA."]
[]
["TABELA 411.4 - Outras Estatísticas Agrícolas, Município de Pedregulho, Estado de São Paulo, 2007/08."]
["ITEM","Número de UPAs",null,"Percentual"]
["Faz Parte de Associação de Produtores",70,null,{"v":9.668508287292816,"d":"9.7"}]
["Faz Parte de Cooperativa de Produtores",267,null,{"v":36.87845303867403,"d":"36.9"}]
["Faz Parte do Sindicato de Produtores",167,null,{"v":23.066298342541437,"d":"23.1"}]
["Não utiliza assistência técnica ",486,null,{"v":67.12707182320442,"d":"67.1"}]
["Utiliza somente assistência técnica governamental ",95,null,{"v":13.121546961325967,"d":"13.1"}]
["Utiliza somente assistência técnica privada ",85,null,{"v":11.740331491712707,"d":"11.7"}]
["Utiliza assistência técnica tanto governamental quanto privada",58,null,{"v":8.011049723756905,"d":"8.0"}]
["Utiliza Crédito Rural",171,null,{"v":23.61878453038674,"d":"23.6"}]
["Utiliza Seguro Rural",48,null,{"v":6.629834254143647,"d":"6.6"}]
["Utiliza Escrituração Agrícola",464,null,{"v":64.08839779005524,"d":"64.1"}]
["Acessa Internet p/ Fins na Agropecuária",30,null,{"v":4.143646408839779,"d":"4.1"}]
["Utiliza Computador nas Atividades Agropecuárias",46,null,{"v":6.353591160220994,"d":"6.4"}]
["Utiliza Energia Elétrica Para Uso na Atividade Agrícola",607,null,{"v":83.83977900552485,"d":"83.8"}]
["Realiza Análise de Solo, quando necessário",349,null,{"v":48.204419889502766,"d":"48.2"}]
["Utiliza Práticas de Conservação de Solo, quando necessário",421,null,{"v":58.149171270718234,"d":"58.1"}]
["Faz Adubação Mineral, quando necessário",314,null,{"v":43.370165745856355,"d":"43.4"}]
["Faz Adubação Orgânica, quando necessário",217,null,{"v":29.972375690607734,"d":"30.0"}]
["Faz Adubação Verde, quando necessário",64,null,{"v":8.83977900552486,"d":"8.8"}]
["Utiliza Manejo Integrado de Pragas (MIP)",30,null,{"v":4.143646408839779,"d":"4.1"}]
["Utiliza Hidroponia","-",null,"-"]
["Utiliza Plasticultura","-",null,"-"]
["Utiliza Mudas Fiscalizadas",144,null,{"v":19.88950276243094,"d":"19.9"}]
["Utiliza Semente Melhorada",147,null,{"v":20.303867403314918,"d":"20.3"}]
["Faz Confinamento de Bovinos",18,null,{"v":2.4861878453038675,"d":"2.5"}]
["Utiliza Pastejo Intensivo",98,null,{"v":13.535911602209943,"d":"13.5"}]
["Faz Inseminação Artificial",27,null,{"v":3.7292817679558015,"d":"3.7"}]
["Faz Mineralização do Rebanho",389,null,{"v":53.729281767955804,"d":"53.7"}]
["Faz Vermifugação do Rebanho",395,null,{"v":54.55801104972376,"d":"54.6"}]
["Possui Parceiros /Arrendatários na Exploração Animal",38,null,{"v":5.248618784530387,"d":"5.2"}]
["Esporte e lazer",2,null,{"v":0.27624309392265195,"d":"0.3"}]
["Extração mineral","-",null,"-"]
["Hotel Fazenda, Pousada ou SPA","-",null,"-"]
["Pesque-pague",1,null,{"v":0.13812154696132597,"d":"0.1"}]
["Restaurante ou Lanchonete",1,null,{"v":0.13812154696132597,"d":"0.1"}]
["Transformação artesanal","-",null,"-"]
["Turismo rural ou ecoturismo","-",null,"-"]
["Outras atividades econômicas rurais",2,null,{"v":0.27624309392265195,"d":"0.3"}]
["Agroindústria","-",null,"-"]
["Proprietário sem instrução ou com instrução incompleta",32,null,{"v":4.41988950276243,"d":"4.4"}]
["Proprietário com antigo primário completo",246,null,{"v":33.97790055248619,"d":"34.0"}]
["Proprietário com 1° grau (ou antigo ginasial) completo",110,null,{"v":15.193370165745856,"d":"15.2"}]
["Proprietário com 2° grau (ou antigo colegial) completo",108,null,{"v":14.917127071823204,"d":"14.9"}]
["Proprietário com curso superior completo ",223,null,{"v":30.80110497237569,"d":"30.8"}]
["Pessoa Jurídica",5,null,{"v":0.6906077348066298,"d":"0.7"}]
["Proprietário residente na própria UPA ",180,null,{"v":24.861878453038674,"d":"24.9"}]
["Fonte: Secretaria de Agricultura e Abastecimento, CDRS/IEA, Projeto LUPA."]
[]
["TABELA 411.5 - Área Cultivada, Município de Pedregulho, Estado de São Paulo, 2007/08."]
["CULTURA","N.DE UPAs","MÍNIMO","MÉDIO","MÁXIMO","TOTAL"]
["Braquiaria",667,0.4,{"v":56.35,"d":"56.4"},{"v":1130.5,"d":"1,130.5"},{"v":37588.4,"d":"37,588.4"}]
["Cafe",338,0.5,{"v":28.07,"d":"28.1"},344.8,{"v":9489.2,"d":"9,489.2"}]
["Cana-de-acucar",144,0.2,{"v":44.42,"d":"44.4"},{"v":1500,"d":"1,500.0"},{"v":6395.9,"d":"6,395.9"}]
["Milho",158,0.2,{"v":10.82,"d":"10.8"},{"v":80,"d":"80.0"},{"v":1709.9,"d":"1,709.9"}]
["Laranja",5,{"v":40,"d":"40.0"},{"v":294.52,"d":"294.5"},{"v":1179,"d":"1,179.0"},{"v":1472.6,"d":"1,472.6"}]
["Coloniao",12,{"v":1,"d":"1.0"},{"v":53.87,"d":"53.9"},411.4,646.4]
["Eucalipto",73,0.1,{"v":6.75,"d":"6.8"},75.1,492.7]
["Capim-jaragua",17,0.9,{"v":21.72,"d":"21.7"},{"v":108,"d":"108.0"},369.3]
["Capim-napier (ou capim-elefante)",11,0.2,{"v":12.18,"d":"12.2"},63.2,{"v":134,"d":"134.0"}]
["Soja",3,{"v":18,"d":"18.0"},{"v":25.67,"d":"25.7"},{"v":40,"d":"40.0"},{"v":77,"d":"77.0"}]
["Sorgo",2,{"v":15,"d":"15.0"},27.7,40.4,55.4]
["Gramas",5,{"v":3,"d":"3.0"},{"v":8.36,"d":"8.4"},11.9,41.8]
["Palmito",3,0.2,7.4,{"v":20,"d":"20.0"},22.2]
["Macadamia (ou noz-macadamia)",1,{"v":20,"d":"20.0"},{"v":20,"d":"20.0"},{"v":20,"d":"20.0"},{"v":20,"d":"20.0"}]
["Capim-gordura",1,{"v":10,"d":"10.0"},{"v":10,"d":"10.0"},{"v":10,"d":"10.0"},{"v":10,"d":"10.0"}]
["Lichia",1,{"v":8,"d":"8.0"},{"v":8,"d":"8.0"},{"v":8,"d":"8.0"},{"v":8,"d":"8.0"}]
["Outras gramineas para pastagem",2,1.5,3.6,5.7,7.2]
["Milho-doce",1,{"v":7,"d":"7.0"},{"v":7,"d":"7.0"},{"v":7,"d":"7.0"},{"v":7,"d":"7.0"}]
["Seringueira",1,{"v":7,"d":"7.0"},{"v":7,"d":"7.0"},{"v":7,"d":"7.0"},{"v":7,"d":"7.0"}]
["Milho-silagem",1,{"v":4,"d":"4.0"},{"v":4,"d":"4.0"},{"v":4,"d":"4.0"},{"v":4,"d":"4.0"}]
["Uva fina",1,2.7,2.7,2.7,2.7]
["Arroz",1,2.4,2.4,2.4,2.4]
["Feijao",1,{"v":2,"d":"2.0"},{"v":2,"d":"2.0"},{"v":2,"d":"2.0"},{"v":2,"d":"2.0"}]
["Pomar domestico",1,1.5,1.5,1.5,1.5]
["Figo (ou figo-da-europa)",1,1.3,1.3,1.3,1.3]
["Pinus",1,1.2,1.2,1.2,1.2]
["Caqui",1,1.2,1.2,1.2,1.2]
["Banana",1,{"v":1,"d":"1.0"},{"v":1,"d":"1.0"},{"v":1,"d":"1.0"},{"v":1,"d":"1.0"}]
["Mandioca",2,0.5,0.5,0.5,{"v":1,"d":"1.0"}]
["Tomate rasteiro",1,{"v":1,"d":"1.0"},{"v":1,"d":"1.0"},{"v":1,"d":"1.0"},{"v":1,"d":"1.0"}]
["Uva rustica",1,0.2,0.2,0.2,0.2]
["Horta domestica",1,0.1,0.1,0.1,0.1]
["Fonte: Secretaria de Agricultura e Abastecimento, CDRS/IEA, Projeto LUPA."]